<?xml version="1.0" encoding="UTF-8"?>
<record
    xmlns:xsi="http://www.w3.org/2001/XMLSchema-instance"
    xsi:schemaLocation="http://www.loc.gov/MARC21/slim http://www.loc.gov/standards/marcxml/schema/MARC21slim.xsd"
    xmlns="http://www.loc.gov/MARC21/slim">

  <leader>03328njm a2200541Ia 4500</leader>
  <controlfield tag="001">40443</controlfield>
  <controlfield tag="003">IT-RoPAU</controlfield>
  <controlfield tag="005">20220918181127.0</controlfield>
  <controlfield tag="008">131025s9999    xx            000 0 und d</controlfield>
  <datafield tag="040" ind1=" " ind2=" ">
    <subfield code="a">IT-RoPAU</subfield>
  </datafield>
  <datafield tag="040" ind1=" " ind2=" ">
    <subfield code="c">IT-RoPAU</subfield>
  </datafield>
  <datafield tag="999" ind1=" " ind2=" ">
    <subfield code="c">100274</subfield>
    <subfield code="d">100274</subfield>
  </datafield>
  <datafield tag="999" ind1=" " ind2=" ">
    <subfield code="b">n.d.</subfield>
  </datafield>
  <datafield tag="100" ind1=" " ind2=" ">
    <subfield code="a">AA.VV.</subfield>
    <subfield code="9">794</subfield>
  </datafield>
  <datafield tag="100" ind1=" " ind2=" ">
    <subfield code="e">Autore musica</subfield>
    <subfield code="9">21453</subfield>
  </datafield>
  <datafield tag="100" ind1=" " ind2=" ">
    <subfield code="g">Codice autore musica SPICS: 12000</subfield>
    <subfield code="9">796</subfield>
  </datafield>
  <datafield tag="245" ind1=" " ind2=" ">
    <subfield code="a">Jazz. Gli uomini, gli strumenti, gli stili 37</subfield>
  </datafield>
  <datafield tag="250" ind1=" " ind2=" ">
    <subfield code="a">2a ed.</subfield>
  </datafield>
  <datafield tag="260" ind1=" " ind2=" ">
    <subfield code="a">MILANO</subfield>
  </datafield>
  <datafield tag="260" ind1=" " ind2=" ">
    <subfield code="b">FRATELLI FABBRI EDITORI</subfield>
    <subfield code="c">1986 [1a Ed.:1986]</subfield>
  </datafield>
  <datafield tag="300" ind1=" " ind2=" ">
    <subfield code="a">MUSICASSETTA</subfield>
  </datafield>
  <datafield tag="300" ind1=" " ind2=" ">
    <subfield code="c">45 minuti (Testo:  pag.)</subfield>
  </datafield>
  <datafield tag="500" ind1=" " ind2=" ">
    <subfield code="a">Musica jazz</subfield>
  </datafield>
  <datafield tag="505" ind1=" " ind2=" ">
    <subfield code="a">Copenhagen [(Richmond Indiana 18.2.1924) (3:00)] - Flock O'Blues [(New York-10.10.1924) (3:00)] - Davenport Blues [(Richmond Indiana 26.1.1925) (3:00)] - Sunday [(New York 15.10.1926) (3:00)] - In A Mist [(New York 8.9.1927) (3:00)] - I'm Comin' Virginia [(New York 13.5.1927) (4:00)] - Jazz Me Blues [(New York 5.10.1927) (3:00)] - Changes [(Chicago 23-11-1927) (3:00)] - Mississippi Mud [(New York 20.1.1928) (3:00)] - Margie [(David/ Conrad/ Robinson New York 21.9.1928) (3:00)] - Futuristic Rhythm [(New York 8.3.1929) (3:00)] - Rockin' Chair [(New York 21.5.1930) (4:00)] - I'Ll Be A Friend With Pleasure [(New York 8.9.1930) (3:00)] - Royal Garden Blues [(C&amp;S Williams Richmond Indiana 20.6.1924) (3:00)]</subfield>
  </datafield>
  <datafield tag="511" ind1=" " ind2=" ">
    <subfield code="a">Jean Goldkette and His Orchestra</subfield>
  </datafield>
  <datafield tag="511" ind1=" " ind2=" ">
    <subfield code="a">Pianoforte solo</subfield>
  </datafield>
  <datafield tag="511" ind1=" " ind2=" ">
    <subfield code="a">Frankie Trumbauer and His Orchestra</subfield>
  </datafield>
  <datafield tag="511" ind1=" " ind2=" ">
    <subfield code="a">Bix Beiderbecke and His Gang</subfield>
  </datafield>
  <datafield tag="511" ind1=" " ind2=" ">
    <subfield code="a">Hoagy Carmichael and His Orchestra</subfield>
  </datafield>
  <datafield tag="511" ind1=" " ind2=" ">
    <subfield code="a">The Wolverine Orchestra</subfield>
  </datafield>
  <datafield tag="650" ind1=" " ind2=" ">
    <subfield code="a">JAZZ [CASSETTE]</subfield>
    <subfield code="e">Codice MATERIA SPICS: 9951</subfield>
    <subfield code="9">1831</subfield>
  </datafield>
  <datafield tag="700" ind1=" " ind2=" ">
    <subfield code="a">Beiderbecke Bix</subfield>
    <subfield code="d">Codice autore musica SPICS: 11520</subfield>
    <subfield code="e">Autore musica</subfield>
    <subfield code="9">21454</subfield>
  </datafield>
  <datafield tag="700" ind1=" " ind2=" ">
    <subfield code="a">Melrose Lester</subfield>
    <subfield code="d">Codice autore musica SPICS: 18857</subfield>
    <subfield code="e">Autore musica</subfield>
    <subfield code="p">Copenhagen</subfield>
    <subfield code="9">21455</subfield>
  </datafield>
  <datafield tag="700" ind1=" " ind2=" ">
    <subfield code="a">Bloom R.</subfield>
    <subfield code="d">Codice autore musica SPICS: 18051</subfield>
    <subfield code="e">Autore musica</subfield>
    <subfield code="p">Flock O'Blues</subfield>
    <subfield code="9">21456</subfield>
  </datafield>
  <datafield tag="700" ind1=" " ind2=" ">
    <subfield code="a">Dorsey Tommy</subfield>
    <subfield code="d">Codice autore SPICS: 16215</subfield>
    <subfield code="e">Autore</subfield>
    <subfield code="p">Davenport Blues - Changes</subfield>
    <subfield code="9">21457</subfield>
  </datafield>
  <datafield tag="700" ind1=" " ind2=" ">
    <subfield code="a">Murray Don</subfield>
    <subfield code="d">Codice autore testo/musica SPICS: 16344</subfield>
    <subfield code="e">Autore testo/musica</subfield>
    <subfield code="p">Davenport Blues - I'm Comin' Virginia - Jazz Me Blues</subfield>
    <subfield code="9">21458</subfield>
  </datafield>
  <datafield tag="700" ind1=" " ind2=" ">
    <subfield code="a">Cohn Al</subfield>
    <subfield code="d">Codice autore musica SPICS: 10711</subfield>
    <subfield code="e">Autore musica</subfield>
    <subfield code="p">Sunday</subfield>
    <subfield code="9">21459</subfield>
  </datafield>
  <datafield tag="700" ind1=" " ind2=" ">
    <subfield code="a">Stein J.</subfield>
    <subfield code="d">Codice autore SPICS: 13952</subfield>
    <subfield code="e">Autore</subfield>
    <subfield code="p">Sunday</subfield>
    <subfield code="9">21460</subfield>
  </datafield>
  <datafield tag="700" ind1=" " ind2=" ">
    <subfield code="a">Hoyewood</subfield>
    <subfield code="d">Codice autore musica SPICS: 18860</subfield>
    <subfield code="e">Autore musica</subfield>
    <subfield code="p">I'm Comin' Virginia</subfield>
    <subfield code="9">21461</subfield>
  </datafield>
  <datafield tag="700" ind1=" " ind2=" ">
    <subfield code="a">Delaney Tom</subfield>
    <subfield code="d">Codice autore musica SPICS: 18861</subfield>
    <subfield code="e">Autore musica</subfield>
    <subfield code="p">Jazz Me Blues</subfield>
    <subfield code="9">21462</subfield>
  </datafield>
  <datafield tag="700" ind1=" " ind2=" ">
    <subfield code="a">Donaldson</subfield>
    <subfield code="d">Codice autore musica SPICS: 14426</subfield>
    <subfield code="e">Autore musica</subfield>
    <subfield code="p">Changes</subfield>
    <subfield code="9">21463</subfield>
  </datafield>
  <datafield tag="700" ind1=" " ind2=" ">
    <subfield code="a">Cavanaugh</subfield>
    <subfield code="d">Codice autore musica SPICS: 18862</subfield>
    <subfield code="e">Autore musica</subfield>
    <subfield code="p">Mississippi Mud</subfield>
    <subfield code="9">21464</subfield>
  </datafield>
  <datafield tag="700" ind1=" " ind2=" ">
    <subfield code="a">Barris Harry</subfield>
    <subfield code="d">Codice autore SPICS: 18863</subfield>
    <subfield code="e">Autore</subfield>
    <subfield code="p">Mississippi Mud</subfield>
    <subfield code="9">21465</subfield>
  </datafield>
  <datafield tag="700" ind1=" " ind2=" ">
    <subfield code="a">Fields Dorothy</subfield>
    <subfield code="d">Codice autore musica SPICS: 15865</subfield>
    <subfield code="e">Autore musica</subfield>
    <subfield code="p">Futuristic Rhythm</subfield>
    <subfield code="9">21466</subfield>
  </datafield>
  <datafield tag="700" ind1=" " ind2=" ">
    <subfield code="a">McHugh Jimmy</subfield>
    <subfield code="d">Codice autore SPICS: 16297</subfield>
    <subfield code="e">Autore</subfield>
    <subfield code="p">Futuristic Rhythm</subfield>
    <subfield code="9">21467</subfield>
  </datafield>
  <datafield tag="700" ind1=" " ind2=" ">
    <subfield code="a">Carmichael Hoagy</subfield>
    <subfield code="d">Codice autore musica SPICS: 10736</subfield>
    <subfield code="e">Autore musica</subfield>
    <subfield code="p">Rockin' Chair</subfield>
    <subfield code="9">21468</subfield>
  </datafield>
  <datafield tag="700" ind1=" " ind2=" ">
    <subfield code="a">Pinkard Maceo</subfield>
    <subfield code="d">Codice autore musica SPICS: 16174</subfield>
    <subfield code="e">Autore musica</subfield>
    <subfield code="p">I'Ll Be A Friend With Pleasure</subfield>
    <subfield code="9">21469</subfield>
  </datafield>
  <datafield tag="942" ind1=" " ind2=" ">
    <subfield code="c">MC</subfield>
    <subfield code="2">ddc</subfield>
  </datafield>
  <datafield tag="952" ind1=" " ind2=" ">
    <subfield code="0">0</subfield>
    <subfield code="1">0</subfield>
    <subfield code="4">0</subfield>
    <subfield code="6">40443_000000000000000</subfield>
    <subfield code="7">1</subfield>
    <subfield code="a">SPICS</subfield>
    <subfield code="b">SPICS</subfield>
    <subfield code="d">2013-10-25</subfield>
    <subfield code="l">0</subfield>
    <subfield code="o">40443</subfield>
    <subfield code="r">2013-10-25 00:00:00</subfield>
    <subfield code="w">2013-10-25</subfield>
    <subfield code="y">MC</subfield>
    <subfield code="z">Progr. Ins.: 14240 / N.Vol.: 1 / Copie: 1 - Copia rara: n.d. / date import: 01.01.2014 - By Epidotti, Trombetti, Vaglietti</subfield>
  </datafield>
</record>
